Statistics for Closest Capital Cities - Asia

Click here to take the quiz!

General Stats

  • This quiz has been taken 18 times
  • The average score is 28 of 48

Answers on the Map

Answers color-coded by a green-red scale on the quiz's map according to % correct below.
 

Answer Stats

% Correct
Beijing
100%
Pyongyang
100%
Seoul
100%
Tokyo
100%
Ulaanbaatar
88%
Nur-Sultan
75%
Bishkek
69%
Dhaka
69%
Dushanbe
69%
Islamabad
69%
Kabul
69%
Kathmandu
69%
New Delhi
69%
Tashkent
69%
Thimphu
69%
Vientiane
63%
Bandar seri Begawan
56%
Bangkok
56%
Hanoi
56%
Jakarta
56%
Kuala Lumpur
56%
Manila
56%
Naypyidaw
56%
Phnom Penh
56%
Singapore
56%
Taipei
56%
Abu Dhabi
50%
Baghdad
50%
Baku
50%
Colombo
50%
Dili
50%
Doha
50%
Kuwait City
50%
Male
50%
Manama
50%
Muscat
50%
Riyadh
50%
Tehran
50%
Ankara
44%
Tbilisi
44%
Yerevan
44%
Amman
38%
Ashgabat
38%
Beirut
38%
Damascus
38%
Jerusalem
38%
Nicosia
38%
Sana'a
38%

Score Distribution

Percentile by Number Answered

Percent of People with Each Score

Your Score History

You have not taken this quiz